000 00795cam a2200169 4500
001 ABS60877
008 000000n1999 000 0 eng u
035 _a(Sirsi) u101396
100 _aFrame, S.
245 _aPaying up under adjudication.
260 _c1999
490 _aBuilding Trade and Industry
_v15(7) July 1999, 10(1)
520 _aReviews adjudication cases to date. Concludes that the decisions so far indicate a positive approach by the courts to enforce the intentions of the Housing Grants Construction and Regeneration Act 1996 and a willingness to make the procedure work quickly.
650 _aHOUSING GRANTS CONSTRUCTION AND REGENERATION ACT
690 _aMANAGEMENT-DISPUTE AVOIDANCE, MANAGEMENT AND RESOLUTION-DISPUTE MANAGEMENT AND RESOLUTION-ARBITRATION
942 _n0
999 _c60540
_d60540